000 00678nam a2200217Ia 4500
003 GCL
008 140319s9999 xx 000 0 ara d
040 _aGCL /
_cGCL
082 0 4 _a813.009
_bم ف
100 1 _aمصطفى بيومى
245 1 0 _aالفكاهة عند نجيب محفوظ /
_cمصطفى بيومى
260 _a[S.N] :
_bالشركة المصرية العالمية للنشر _ لونجمان ،
_c1994
300 _a185 ص
490 _aادبيات
_v0
650 0 4 _aالقصص العربية
650 0 4 _aالنقد
650 0 4 _aنجيب محفوظ
650 0 4 _aالقصص الفكاهية
650 0 4 _aتاريخ ونقد
942 _2ddc
_cBK
999 _c37424
_d37424